Responses for Show #1264 - Thursday, February 15, 1990

1990 Teen Tournament final game 1.

Contestants

[<< previous game]

Richard Morris, a senior from Auburn, Alabama

Andrew McGeorge, a senior from Topeka, Kansas

Jamie Weiss, a junior from Fairfax, Virginia

[next game >>]

Jeopardy! Round responses

WORKS OF ART
TALK SHOW HOSTS
FLOWERS
MATH
RHYME TIME
AESOP'S FABLES
    $100 24
Whistler's Mother

Andrew
    $100 1
Oprah Winfrey

Richard
    $100 18
scent (odor)

Andrew
    $100 9
calculus

Richard
    $100 13
late date

Jamie
    $100 20
(Jamie: What is sloven?)

slow

JamieAndrew
    $200 2
Pietà

Richard
    $200 5
Arsenio Hall

Andrew
    $200 19
not

Jamie
    $200 8
obtuse

Richard
    $200 14
fish dish

Richard
    $200 27
help themselves

Andrew
    $500 3
(Alex: By Rodin.)

The Thinker

Richard
    $300 11
Joan Rivers

Richard
    $300 21
African violet

Richard
    $300 7
trigonometry

Jamie
    $300 16
(Andrew: What is mom's Toms?)

mother's brothers

JamieAndrew
    $300 28
the fox

Jamie
    $400 22
American Gothic

Richard
    $400 10
weather

Andrew
    $400 25
poisonous

Andrew
    $400 4
0 & 1

Jamie
    $400 15
boss sauce

Andrew
    $400 29
goose that laid the golden eggs

Jamie
    $500 23
(Alex: By Vincent van Gogh.)

Starry Night

Richard
    $500 12
Regis Philbin

Andrew
    $500 26
cowslip

Triple Stumper
    $500 6
144

Jamie
    $500 17
Wookiee cookie

Andrew
    $500 30
the mouse

Andrew

Scores at the first commercial break (after clue 17):

Jamie Andrew Richard
$1,600 $1,700 $1,600

Scores at the end of the Jeopardy! Round:

Jamie Andrew Richard
$2,400 $3,100 $2,800

Double Jeopardy! Round responses

LOVERS IN LITERATURE
EDUCATION
FAMOUS AMERICANS
EUROPE
COMMUNICATION
HOME EC
    $200 25
the Beauty & the Beast

Jamie
    $200 27
Brigham Young

Richard
    $200 20
Ben Franklin

Jamie
    $200 1
Greece

Richard
    $200 17
dance

Jamie
    $200 6
air

Andrew
    $400 24
(Richard: Who is Locasta?)

Jocasta

JamieRichard
    $400 26
cum laude

Jamie
    $400 19
Eli Whitney

Jamie
    $400 13
(Richard: What is Ireland?)
(Alex: Be more specific.)

Northern Ireland

Richard
    $400 18
(Andrew: What is the thing on the car that makes a noise?)

telephone

AndrewRichard
    $400 7
humidifier

Richard
    $600 23
(Richard: Who is Jane?)

Elizabeth

JamieRichard
    $600 8
400

Jamie
    $600 3
(Richard) Byrd

Richard
    $2,000 12
Portugal

Andrew
    $600 30
bugle or drum

Triple Stumper
    $600 14
forks

Andrew
    $800 22
(Alex: Yes, in Great Expectations.)

Pip

Richard
    $800 9
(Jamie: What is clerical?)

seminary

Jamie
Triple Stumper
    $800 2
(Alexander) Hamilton

Richard
    $800 11
(Jamie: What is the Danube?)

Rhine

JamieAndrew
    $800 29
freedom of the press

Richard
    $800 15
(Richard: Um, what is...detergent?)
(Andrew: What is bleach?)
...
(Richard: I couldn't think of what Bounce was.)
[Laughter]
(Alex: Well, at least you got the product mentioned on the air.)

fabric softener

AndrewRichard
Triple Stumper
    $1000 21
(Edward) Rochester

Richard
    $2,200 10
Massachusetts

Jamie
    $1000 4
(Richard: Who is Anthony?)

Lucretia Mott or Elizabeth Cady Stanton

Richard
Triple Stumper
    $1000 5
France & Italy

Andrew
    $1000 28
acid rain

Andrew
    $1000 16
pinking shears

Triple Stumper

Scores at the end of the Double Jeopardy! Round:

Jamie Andrew Richard
$6,000 $7,500 $5,600

Final Jeopardy! Round responses

U.S. STATES
RichardWhat is Maine?
$3,600
JamieWhat is Maine?
$6,000
AndrewWhat is Maine?
$4,000
Maine

Final scores:

Jamie Andrew Richard
$12,000 $11,500 $9,200

Game dynamics:

Coryat scores:

Jamie Andrew Richard
$4,800 $6,100 $5,400
17 R
(including 1 DD),
3 W
17 R
(including 1 DD),
3 W
20 R
(including 1 DD),
4 W

Combined Coryat: $16,300

[game clues] [game scores] [suggest correction]

Game tape date: 1990-01-07
The J! Archive is created by fans, for fans. Scraping, republication, monetization, and malicious use prohibited; this site may use cookies and collect identifying information. See terms. The Jeopardy! game show and all elements thereof, including but not limited to copyright and trademark thereto, are the property of Jeopardy Productions, Inc. and are protected under law. This website is not affiliated with, sponsored by, or operated by Jeopardy Productions, Inc. Join the discussion at JBoard.tv.